<?xml version="1.0" encoding="UTF-8"?>
<collection xmlns="http://www.loc.gov/MARC21/slim">
 <record>
  <leader>01297nam a2200325 i 4500</leader>
  <controlfield tag="001">32386</controlfield>
  <controlfield tag="003">BD-DhAAL</controlfield>
  <controlfield tag="005">20211116112921.0</controlfield>
  <controlfield tag="008">171205t2013    ctua     i    001 0 eng  </controlfield>
  <datafield tag="999" ind1=" " ind2=" ">
   <subfield code="c">38310</subfield>
   <subfield code="d">38310</subfield>
  </datafield>
  <datafield tag="010" ind1=" " ind2=" ">
   <subfield code="a">   78014144 </subfield>
  </datafield>
  <datafield tag="020" ind1=" " ind2=" ">
   <subfield code="a">9781614275244</subfield>
  </datafield>
  <datafield tag="040" ind1=" " ind2=" ">
   <subfield code="a">BD-DhAAL</subfield>
  </datafield>
  <datafield tag="041" ind1="1" ind2=" ">
   <subfield code="a">engger</subfield>
  </datafield>
  <datafield tag="050" ind1="0" ind2="0">
   <subfield code="a">NA9052</subfield>
   <subfield code="b">.S5813 1979</subfield>
  </datafield>
  <datafield tag="082" ind1="0" ind2="0">
   <subfield code="a">711.4</subfield>
  </datafield>
  <datafield tag="100" ind1="1" ind2=" ">
   <subfield code="a">Sitte, Camillo,</subfield>
   <subfield code="d">1843-1903.</subfield>
   <subfield code="9">24201</subfield>
  </datafield>
  <datafield tag="240" ind1="1" ind2="0">
   <subfield code="a">Städte-Bau nach seinen künstlerischen Grundsätzen.</subfield>
   <subfield code="l">English</subfield>
  </datafield>
  <datafield tag="245" ind1="1" ind2="4">
   <subfield code="a">The art of building cities :</subfield>
   <subfield code="b">city building according to its artistic fundamentals /</subfield>
   <subfield code="c">by Camillo Sitte ; translated by Charles T. Stewart.</subfield>
  </datafield>
  <datafield tag="260" ind1=" " ind2=" ">
   <subfield code="a">Mansfield Centre, Conn. :</subfield>
   <subfield code="b">Martino Publishing,</subfield>
   <subfield code="c">c2013.</subfield>
  </datafield>
  <datafield tag="300" ind1=" " ind2=" ">
   <subfield code="a">xi, 128 pages :</subfield>
   <subfield code="b">illustrations ;</subfield>
   <subfield code="c">26 cm.</subfield>
  </datafield>
  <datafield tag="500" ind1=" " ind2=" ">
   <subfield code="a">Translation of Der Städte-Bau.</subfield>
  </datafield>
  <datafield tag="500" ind1=" " ind2=" ">
   <subfield code="a">Reprint of the ed. published by Reinhold Pub. Corp., New York.</subfield>
  </datafield>
  <datafield tag="500" ind1=" " ind2=" ">
   <subfield code="a">Includes index.</subfield>
  </datafield>
  <datafield tag="650" ind1=" " ind2="0">
   <subfield code="a">Urban beautification.</subfield>
   <subfield code="9">24202</subfield>
  </datafield>
  <datafield tag="650" ind1=" " ind2="0">
   <subfield code="a">Art, Municipal.</subfield>
   <subfield code="9">24203</subfield>
  </datafield>
  <datafield tag="650" ind1=" " ind2="0">
   <subfield code="a">Architecture</subfield>
   <subfield code="9">42712</subfield>
  </datafield>
  <datafield tag="852" ind1=" " ind2=" ">
   <subfield code="a">Ayesha Abed Library</subfield>
  </datafield>
  <datafield tag="942" ind1=" " ind2=" ">
   <subfield code="2">ddc</subfield>
   <subfield code="c">BK</subfield>
  </datafield>
  <datafield tag="952" ind1=" " ind2=" ">
   <subfield code="0">0</subfield>
   <subfield code="1">0</subfield>
   <subfield code="2">ddc</subfield>
   <subfield code="4">0</subfield>
   <subfield code="6">711_400000000000000_SIT</subfield>
   <subfield code="7">0</subfield>
   <subfield code="9">62017</subfield>
   <subfield code="a">BRACUL</subfield>
   <subfield code="b">BRACUL</subfield>
   <subfield code="c">GEN</subfield>
   <subfield code="d">2017-11-28</subfield>
   <subfield code="e">Trim Education</subfield>
   <subfield code="g">1596.00</subfield>
   <subfield code="l">3</subfield>
   <subfield code="m">26</subfield>
   <subfield code="o">711.4 SIT</subfield>
   <subfield code="p">3010032386</subfield>
   <subfield code="r">2022-07-28</subfield>
   <subfield code="s">2022-07-21</subfield>
   <subfield code="t">1</subfield>
   <subfield code="v">1596.00</subfield>
   <subfield code="w">2017-11-28</subfield>
   <subfield code="y">BK</subfield>
  </datafield>
 </record>
</collection>
